Sense & sensibility / (Record no. 194598)

MARC details
000 -LEADER
fixed length control field 00699nam a22001937a 4500
005 - DATE AND TIME OF LATEST TRANSACTION
control field 20230111163711.0
010 ## - LCCN (DPL NO)
LC control number B-746397-401 E.N.A./ 7.11.22
020 ## - INTERNATIONAL STANDARD BOOK NUMBER
Terms of availability 599.00
International Standard Book Number 9789391523794
035 ## - SYSTEM CONTROL NUMBER
System control number B-746397-401
037 ## - SOURCE OF ACQUISITION
Source of stock number/acquisition Pancy Books
082 ## - DEWEY DECIMAL CLASSIFICATION NUMBER
Classification number N
100 ## - MAIN ENTRY--PERSONAL NAME
Personal name Austen, Jane
245 ## - TITLE STATEMENT
Title Sense & sensibility /
Statement of responsibility, etc Jane Austen
260 ## - PUBLICATION, DISTRIBUTION, ETC. (IMPRINT)
Place of publication, distribution, etc New Delhi
Name of publisher, distributor, etc R.Sons Books
Date of publication, distribution, etc 2022
270 ## - ADDRESS
Address Ho.No.1658,Gali No.18,Nathu Colony Nathupura
City New Delhi
Postal code 110084
300 ## - PHYSICAL DESCRIPTION
Extent 290p
Dimensions 21cm(hb)
942 ## - ADDED ENTRY ELEMENTS (KOHA)
Source of classification or shelving scheme Dewey Decimal Classification
Item type English Books
Call number suffix AUS
Classification part N
Holdings
Withdrawn status Lost status Not for loan Collection code Home library Current library Date acquired Source of acquisition Cost, normal purchase price Full call number Barcode Copy number Cost, replacement price Koha item type
      Non-fiction Ashok Vihar Ashok Vihar 11/01/2023 Pansy Books/138/28.11.22/187/23.11.22/30.11.22 599.00 N AUS B-746398 1 599.00 English Books
      Non-fiction Central Library Central Library 11/01/2023 Pansy Books/138/28.11.22/187/23.11.22/30.11.22 599.00 N AUS B-746397 1 599.00 English Books
      Non-fiction Patel Nagar Patel Nagar 11/01/2023 Pansy Books/138/28.11.22/187/23.11.22/30.11.22 599.00 N AUS B-746399 1 599.00 English Books
      Non-fiction Sarojini Nagar Sarojini Nagar 11/01/2023 Pansy Books/138/28.11.22/187/23.11.22/30.11.22 599.00 N AUS B-746400 1 599.00 English Books
      Non-fiction Shahdara Branch Shahdara Branch 11/01/2023 Pansy Books/138/28.11.22/187/23.11.22/30.11.22 599.00 N AUS B-746401 1 599.00 English Books

© Delhi Public Library
Hit Counter
free hit counter